00000000nam 2200000zi 4500
0019.944807
003CaOODSP
00520250129094512
006m     o  d f      
007cr |n|||||||||
008241104e202412  onc     ob   f100 0 eng d
020 |a9780660743219
040 |aCaOODSP|beng|erda|cCaOODSP
043 |an-cn-nf
0861 |aFs70-4/2024-048E-PDF
24500|aProceedings of the regional peer review of the identification of reference sites and a scientific monitoring approach for the Laurentian Channel Marine Protected Area : |bmeeting dates, June 22–24, 2022 : location, St. John’s, NL / |cchairpersons, Nadine Wells & Neil Ollerhead ; editor, Christina Pretty.
264 1|aOttawa ON : |bCanadian Science Advisory Secretariat (CSAS), |cDecember 2024.
264 4|c©2024
300 |a1 online resource (iv, 36 pages).
336 |atext|btxt|2rdacontent
337 |acomputer|bc|2rdamedia
338 |aonline resource|bcr|2rdacarrier
4901 |aProceedings series, |x1701-1280 ; |v2024/048
500 |aIssued also in French under title: Compte rendu de l'examen régional par les pairs sur la détermination des sites de référence et d'une approche de surveillance pour la zone de protection marine du chenal Laurentien : dates de la réunion, du 22 au 24 juin 2022 : endroit, St. John’s (T.-N.-L.).
504 |aIncludes bibliographical references.
650 0|aMarine parks and reserves|zLaurentian Channel (N.L. and N.S.)|vCongresses.
650 0|aEnvironmental monitoring|zLaurentian Channel (N.L. and N.S.)|vCongresses.
655 7|aConference papers and proceedings|2lcgft
7001 |aWells, N. J.
7102 |aCanadian Science Advisory Secretariat, |eissuing body.
7101 |aCanada. |bDepartment of Fisheries and Oceans. |bNewfoundland and Labrador Region, |eissuing body.
77508|tCompte rendu de l'examen régional par les pairs sur la détermination des sites de référence et d'une approche de surveillance pour la zone de protection marine du chenal Laurentien : |w(CaOODSP)9.944808
830#0|aProceedings series (Canadian Science Advisory Secretariat)|v2024/048.|w(CaOODSP)9.506483
85640|qPDF|s526 KB|uhttps://publications.gc.ca/collections/collection_2025/mpo-dfo/fs70-4/Fs70-4-2024-048-eng.pdf